| 000 | 00587nam a22001937a 4500 | ||
|---|---|---|---|
| 005 | 20260414194715.0 | ||
| 008 | 260414b |||||||| |||| 00| 0 eng d | ||
| 020 | _a(pbk) | ||
| 040 | _cUE-CL | ||
| 082 |
_a842.5 _bW85012 |
||
| 100 | _aWood, John | ||
| 245 |
_aThe barber of seville and the marriage of figaro _c/ John Wood |
||
| 260 |
_aEngland _bPenguin Books, _c1964 |
||
| 300 | _a222 p. | ||
| 505 | _aThe barber of seville The marriage of figaro notes on the characters and their costumes | ||
| 546 | _aEnglish | ||
| 650 | _aBarber--Seville--Marriage--Figaro | ||
| 942 | _cBK | ||
| 999 |
_c26039 _d26038 |
||